[Event "Bundesliga 8384"]
[Site "Germany"]
[Date "1984.??.??"]
[Round "?"]
[White "Ullrich, Frank"]
[Black "Bartsch, Berthold"]
[Result "1/2-1/2"]
[WhiteElo "2260"]
[BlackElo "2265"]

1.Nf3 d5 2.d4 Nf6 3.c4 e6 4.Nc3 c6 5.e3 Nbd7 6.Bd3 Bd6 7.O-O O-O 8.e4 dxe4
9.Nxe4 Nxe4 10.Bxe4 e5 11.dxe5 Nxe5 12.Nxe5 Bxe5 13.Bxh7+ Kxh7 14.Qh5+ Kg8
15.Qxe5 Re8 16.Qc3 Bg4 17.Be3 Be2 18.Rfe1 Qd3 19.Rac1 Qxc3 20.Rxc3 Bg4 21.f3 Be6
22.Kf2 Red8 23.g4 Rd7 24.h4 Rad8 25.h5 Rd3 26.Rxd3 Rxd3 27.Rc1 b5 28.cxb5 cxb5
29.a3 Bc4 30.g5 a6 31.Rg1 Bd5 32.Rg3 Rd1 33.h6 Kh7 34.Rh3 Be6 35.Rh4 gxh6
36.Ke2 Rd6 37.Rxh6+ Kg7 38.Ke1 Rd5 39.f4 Kf8 40.Bd2 Ke7 41.Ke2 Kd7 42.Bc3 Rc5
43.Ke3 Rc4 44.Rh7 Ke8 45.Rh8+ Kd7 46.Ra8 Bd5 47.Ra7+ Kc8 48.Re7 Rc7 49.Re5 Bc4
50.Ke4 Kd7 51.Bb4 Rc6 52.f5 Bb3 53.Re7+ Kd8 54.Ra7 Rc2 55.Rxa6 Rxb2 56.Ke5 Rf2
57.Kf6 Bc2 58.Rd6+ Kc7 59.Rd5 Kb6 60.Rc5 Bb1 61.Re5 Kc6 62.Bc5 Rf3 63.Bd4 Bd3  1/2-1/2

[Event "NLD-ch"]
[Site "Hilversum"]
[Date "1984.??.??"]
[Round "1"]
[White "Scheeren, Peter"]
[Black "Cuijpers, Frans Andre"]
[Result "1-0"]
[WhiteElo "2445"]
[BlackElo "2365"]

1.d4 Nf6 2.c4 c6 3.Nc3 d5 4.Nf3 e6 5.e3 Nbd7 6.Bd3 dxc4 7.Bxc4 b5 8.Bd3 Bb7
9.e4 b4 10.Na4 c5 11.e5 Nd5 12.O-O cxd4 13.Re1 Be7 14.Nxd4 O-O 15.Qg4 Re8
16.Bh6 Bf8 17.Bg5 Be7 18.h4 Rc8 19.a3 Bxg5 20.hxg5 bxa3 21.Rxa3 a6 22.Bxh7+ Kxh7
23.Qh5+ Kg8 24.Rh3 Kf8 25.Rf3 f5 26.Qh8+ Kf7 27.g6+  1-0

[Event "NLD-ch"]
[Site "Hilversum"]
[Date "1984.??.??"]
[Round "7"]
[White "Van der Sterren, Paul"]
[Black "Kuijf, Marinus"]
[Result "1/2-1/2"]
[WhiteElo "2455"]
[BlackElo "2405"]

1.d4 d5 2.c4 c6 3.Nf3 Nf6 4.Nc3 e6 5.e3 Nbd7 6.Bd3 dxc4 7.Bxc4 b5 8.Bd3 a6
9.e4 c5 10.d5 c4 11.dxe6 cxd3 12.exd7+ Qxd7 13.Bg5 Bb7 14.O-O Be7 15.Re1 Rd8
16.e5 Ng4 17.Bxe7 Qxe7 18.h3 d2 19.Nxd2 Nxf2 20.Kxf2 Qh4+ 21.Kg1 Qd4+ 22.Kh1 Qxd2
23.Qg4 O-O 24.Re2 Qd4 25.Qh5 Qf4 26.Rae1 Rd4 27.a3 h6 28.Kg1 g6 29.Qg4 Qxg4
30.hxg4 Rxg4 31.Rd2 Re8 32.Ree2 Rg5 33.Rd7 Bc8 34.Rc7 Bg4 35.Rf2 Bf5 36.Re2 Kg7
37.Ra7 Re6 38.Nd5 Bg4 39.Rf2 Rf5 40.Ne3 Rxf2 41.Kxf2 h5 42.Nxg4 hxg4 43.Kg3 Rxe5
44.Kxg4 Re4+ 45.Kg5 b4 46.axb4 Rxb4 47.g4 a5 48.Kh4 Rb5 49.g5 Rb4+ 50.Kg3 a4
51.Kf3  1/2-1/2

[Event "NLD-ch"]
[Site "Hilversum"]
[Date "1984.??.??"]
[Round "10"]
[White "Ligterink, Gert"]
[Black "Cuijpers, Frans Andre"]
[Result "1-0"]
[WhiteElo "2440"]
[BlackElo "2365"]

1.d4 d5 2.c4 c6 3.Nc3 Nf6 4.e3 e6 5.Nf3 Nbd7 6.Bd3 dxc4 7.Bxc4 b5 8.Bb3 b4
9.Ne2 Bb7 10.O-O Bd6 11.Nf4 O-O 12.Re1 c5 13.d5 Bxf4 14.dxe6 Bb8 15.exd7 Qc7
16.e4 Nxd7 17.Bd5 Nb6 18.Bf4 Qd7 19.Bxb7 Qxb7 20.e5 Nd5 21.Bg3 Nc7 22.Ng5 Ne6
23.Ne4 Bc7 24.Qg4 Kh8 25.f4 Qd5 26.Bh4 Bd8 27.f5 Bxh4 28.Qxh4 Nd4 29.Ng5 h6
30.f6 Rae8 31.fxg7+ Kxg7 32.Qg4 Kh8 33.Qh5 Kg7 34.Qg4 Kh8 35.Qh5 Kg7 36.Nh3 Kh7
37.Re3 Qe6 38.Ng5+  1-0

[Event "HUN-ch"]
[Site "HUN"]
[Date "1984.??.??"]
[Round "6"]
[White "Farago, Ivan"]
[Black "Pinter, Jozsef"]
[Result "1/2-1/2"]
[WhiteElo "2525"]
[BlackElo "2515"]

1.d4 d5 2.c4 c6 3.Nc3 Nf6 4.e3 e6 5.Nf3 Nbd7 6.Bd3 dxc4 7.Bxc4 b5 8.Bd3 a6
9.a4 b4 10.Ne4 c5 11.Nxf6+ Nxf6 12.dxc5 Bxc5 13.O-O O-O 14.b3 Bb7 15.Bb2  1/2-1/2

[Event "HUN-ch"]
[Site "HUN"]
[Date "1984.??.??"]
[Round "8"]
[White "Groszpeter, Attila"]
[Black "Pinter, Jozsef"]
[Result "1-0"]
[WhiteElo "2490"]
[BlackElo "2515"]

1.d4 Nf6 2.c4 e6 3.Nf3 d5 4.Nc3 c6 5.e3 Nbd7 6.Qc2 Bd6 7.b3 O-O 8.Be2 dxc4
9.bxc4 e5 10.O-O Re8 11.Bb2 exd4 12.exd4 Nf8 13.Rad1 Qc7 14.c5 Be7 15.Ne5 Be6
16.f4 Bd5 17.f5 N8d7 18.Nxd5 Nxd5 19.Bh5 Rf8 20.Rde1 Bg5 21.Qb3 N7f6 22.Bd1 Rae8
23.Qg3 Bd2 24.Re2 Bf4 25.Qf3 h5 26.Bb3 Bh6 27.g3 Re7 28.Rfe1 Rfe8 29.Bxd5 cxd5
30.Ba3 Qa5 31.c6 Rc7 32.Bd6 Rxc6 33.Nxc6 Qxe1+ 34.Rxe1 Rxe1+ 35.Kf2 Re3 36.Ne7+ Kh7
37.Qd1 Ne4+ 38.Kg2 Nxd6 39.Nxd5 Ra3 40.Qc2 Ra5 41.Ne7 Ne8 42.f6+ g6 43.Nxg6 Nxf6
44.Ne5+ Kg7 45.Qc7  1-0

[Event "Jajce (Women)"]
[Site "Jajce"]
[Date "1984.??.??"]
[Round "?"]
[White "Szmacinska, Grazyna"]
[Black "Pihajlic, Amalija"]
[Result "1/2-1/2"]
[WhiteElo "2105"]
[BlackElo "2090"]

1.d4 d5 2.Nf3 e6 3.c4 c6 4.Nc3 Nf6 5.e3 Nbd7 6.Bd3 dxc4 7.Bxc4 b5 8.Bd3 a6
9.O-O c5 10.Qe2 Bb7 11.Rd1 Qc7 12.a3 Bd6 13.dxc5 Bxc5 14.e4 Ng4 15.Rf1 Bd6
16.h3 Nge5 17.Nxe5 Nxe5 18.Rd1 Nxd3 19.Rxd3 O-O 20.Be3 Rad8 21.Rad1 Be7 22.Bd4 b4
23.axb4 Bxb4 24.Qg4 f5 25.exf5 exf5 26.Qg5 Rde8 27.Rg3 Rf7 28.Qh5 Re6 29.Qh4 Qe7
30.Qxe7  1/2-1/2

[Event "Lloyds Bank op"]
[Site "London"]
[Date "1984.??.??"]
[Round "2"]
[White "Norwood, David"]
[Black "Murshed, Niaz"]
[Result "1-0"]
[WhiteElo "2290"]
[BlackElo "2405"]

1.c4 Nf6 2.Nc3 e6 3.Nf3 d5 4.d4 c6 5.e3 Nbd7 6.Bd3 Bd6 7.O-O O-O 8.e4 dxc4
9.Bxc4 e5 10.Be3 b5 11.Bb3 a6 12.a4 b4 13.Ne2 Nxe4 14.Qc2 exd4 15.Nexd4 Ndc5
16.Nxc6 Qf6 17.Bd4 Qh6 18.Bd5 b3 19.Qc1 Qh5 20.Be5 Bxe5 21.Nfxe5 Bb7 22.Qc4 Bxc6
23.Nxc6 Rae8 24.Rae1 Nd2 25.Qxc5 Nxf1 26.Rxf1 Re2 27.Qd6 Qg5 28.Bxb3 Rfe8
29.g3 Qf5 30.Nd4 Qe5 31.Qxe5 R2xe5 32.Nf3 Re2 33.Ng5 R8e7 34.Bc4 Rxb2 35.Bxa6 h6
36.Nf3 g5 37.Nd4  1-0

[Event "London P&D Knights"]
[Site "London"]
[Date "1984.??.??"]
[Round "15"]
[White "Littlewood, Paul E"]
[Black "McKay, Roderick M"]
[Result "1/2-1/2"]
[WhiteElo "2435"]
[BlackElo "2355"]

1.d4 Nf6 2.c4 e6 3.Nf3 d5 4.Nc3 c6 5.e3 Nbd7 6.a3 Bd6 7.Be2 O-O 8.O-O dxc4
9.Bxc4 e5 10.Ba2 Qe7 11.h3 Bc7 12.Qc2 Nb6 13.Nxe5 Bxe5 14.dxe5 Qxe5 15.f4 Qe7
16.e4 Be6 17.Bxe6 Qxe6 18.f5 Qc4 19.Be3 Rfe8 20.b3 Qa6 21.Rfe1 Rad8 22.Red1 Rxd1+
23.Qxd1 Nbd5 24.exd5 Rxe3 25.Qd4 Rd3 26.Qe5 Qb6+ 27.Kh2 Re3 28.Qf4 h6 29.Na4 Qxb3
30.dxc6 bxc6 31.Qb4 Qd3 32.Rc1 Ne4 33.Qb8+ Kh7 34.Qf4 Qxa3 35.Rc4 Rxh3+ 36.gxh3 Qa2+
37.Nb2 Qxb2+ 38.Kg1 Ng5 39.Qe3 Qb1+ 40.Rc1 Qxf5 41.Kh2 Nxh3 42.Rc5 Qf4+ 43.Qxf4 Nxf4
44.Rf5 Ne6 45.Rxf7 Kg6 46.Rxa7 Kf5 47.Kg3 c5 48.Ra1 Ke5 49.Kf3 h5 50.Rh1 g6
51.Ke3 Ng7 52.Rc1 Nf5+ 53.Kf3 Nd4+ 54.Ke3 Ne6 55.Rh1 Nf8 56.Rg1 Kf6 57.Rf1+ Kg7
58.Ke4 Nh7 59.Rc1 Nf6+ 60.Kf4 Nd7 61.Rd1 Nf8 62.Rd6 Kf7 63.Ra6  1/2-1/2

[Event "Lvov"]
[Site "Lvov"]
[Date "1984.??.??"]
[Round "1"]
[White "Sahovic, Dragutin"]
[Black "Tal, Mihail"]
[Result "1/2-1/2"]
[WhiteElo "2425"]
[BlackElo "2620"]

1.d4 Nf6 2.Nf3 e6 3.c4 d5 4.Nc3 c6 5.e3 Nbd7 6.Bd3 Bb4 7.Bd2 Qe7 8.O-O dxc4
9.Bxc4 O-O 10.Ne2 Bxd2 11.Qxd2 b6 12.Rfd1 Bb7 13.Nc3 c5 14.Qe2 Rac8 15.Ba6 Bxa6
16.Qxa6 cxd4 17.Nxd4  1/2-1/2

[Event "Naleczow"]
[Site "Naleczow"]
[Date "1984.??.??"]
[Round "?"]
[White "Stempin, Pawel"]
[Black "Bany, Jerzy"]
[Result "1/2-1/2"]
[WhiteElo "2415"]
[BlackElo "2460"]

1.d4 d5 2.c4 c6 3.Nc3 Nf6 4.e3 e6 5.Nf3 Nbd7 6.Bd3 dxc4 7.Bxc4 b5 8.Bb3 b4
9.Ne2 Be7 10.O-O O-O 11.Nf4 Ba6 12.Re1 Qb6 13.e4 Rfd8 14.e5 Nd5 15.Bxd5 cxd5
16.h4 Nf8 17.Be3 Rdc8 18.Kh2 Qc7 19.Rc1  1/2-1/2

[Event "New York op"]
[Site "New York"]
[Date "1984.??.??"]
[Round "3"]
[White "Denker, Arnold S"]
[Black "Taylor, Timothy"]
[Result "0-1"]
[WhiteElo "2305"]
[BlackElo "2450"]

1.d4 d5 2.Nf3 Nf6 3.c4 e6 4.Nc3 c6 5.e3 Nbd7 6.Be2 dxc4 7.Bxc4 b5 8.Bd3 a6
9.a4 b4 10.Ne4 c5 11.dxc5 Bxc5 12.O-O Bb7 13.Nxf6+ Qxf6 14.Qe2 O-O 15.e4 Ne5
16.Nxe5 Qxe5 17.Be3 Bxe3 18.Qxe3 Qxb2 19.Rab1 Qa3 20.Ra1 Qc3 21.Rfc1 Qe5
22.Qb6 b3 23.Qxb3 Bxe4 24.Bxe4 Qxe4 25.Rc4 Qe5 26.Rac1 Rab8 27.Qg3 Qa5 28.h3 g6
29.Qf4 e5 30.Qh6 Rb4 31.Rc8 Rd8 32.R1c5 Qb6 33.R5c6 Qd4 34.Rxd8+ Qxd8 35.Rxa6 Rxa4
36.Rxa4 Qd1+ 37.Kh2 Qxa4 38.g3 Qe4 39.Kg1 Qf3 40.Qg5 Qf5 41.Qe3 Kg7 42.Kg2 g5
43.Qe2 e4 44.Qb2+ Qf6 45.Qe2 Qe5 46.h4 h6 47.hxg5 hxg5 48.Qe3 Kg6 49.Kg1 f6
50.Qa7 e3 51.Qxe3 Qxe3 52.fxe3 Kf5 53.Kf2 g4 54.Kf1 Ke4 55.Ke2 f5  0-1

[Event "Pernik"]
[Site "Pernik"]
[Date "1984.??.??"]
[Round "6"]
[White "Radulov, Ivan"]
[Black "Lukov, Valentin"]
[Result "1/2-1/2"]
[WhiteElo "2465"]
[BlackElo "2435"]

1.c4 Nf6 2.Nc3 e6 3.Nf3 d5 4.d4 c6 5.e3 Nbd7 6.Bd3 dxc4 7.Bxc4 b5 8.Bd3 a6
9.e4 c5 10.d5 c4 11.dxe6  1/2-1/2

[Event "POL-ch"]
[Site "Poznan"]
[Date "1984.??.??"]
[Round "11"]
[White "Stempin, Pawel"]
[Black "Bany, Jerzy"]
[Result "1/2-1/2"]
[WhiteElo "2400"]
[BlackElo "2430"]

1.d4 d5 2.c4 c6 3.Nf3 Nf6 4.Nc3 e6 5.e3 Nbd7 6.Bd3 Bd6 7.e4 dxe4 8.Nxe4 Nxe4
9.Bxe4 O-O 10.O-O h6 11.Qc2 e5 12.Rd1 exd4 13.Rxd4 Bc5 14.Rd2 Qf6 15.Re2 Bd6
16.Be3 Ne5 17.Nxe5 Bxe5 18.Rae1  1/2-1/2

[Event "Rome"]
[Site "Rome"]
[Date "1984.??.??"]
[Round "1"]
[White "Tatai, Stefano"]
[Black "Pinter, Jozsef"]
[Result "0-1"]
[WhiteElo "2430"]
[BlackElo "2515"]

1.d4 Nf6 2.c4 e6 3.Nf3 d5 4.Nc3 c6 5.e3 Nbd7 6.Bd3 dxc4 7.Bxc4 b5 8.Bb3 Be7
9.O-O O-O 10.Re1 Bb7 11.e4 b4 12.Na4 c5 13.d5 exd5 14.e5 Ne8 15.Bxd5 Bxd5
16.Qxd5 Nb6 17.Qxd8 Rxd8 18.Nxb6 axb6 19.a3 Ra8 20.Rb1 bxa3 21.bxa3 Ra6 22.e6 fxe6
23.Rxe6 Bd6 24.Bb2 c4 25.Bd4 b5 26.Be5 c3 27.Rc1 c2 28.Rxc2 Rxa3 29.Kf1 Bxe5
30.Rxe5 Nd6 31.Nd2 Nf5 32.Nf3 b4 33.Rb2 b3 34.Rb5 Ra1+ 35.Ke2 Re8+ 36.Kd2 Nd6
37.Rb4 Ne4+ 38.Ke3 Ra2 39.R4xb3 Nc5+ 40.Kf4 Rxb2  0-1

[Event "BUL-ch"]
[Site "Sofia"]
[Date "1984.??.??"]
[Round "?"]
[White "Donchev, Dimitar I"]
[Black "Stefanov, Krasimir"]
[Result "1/2-1/2"]
[WhiteElo "2505"]
[BlackElo "2280"]

1.d4 c6 2.c4 d5 3.e3 Nf6 4.Nc3 e6 5.Nf3 Nbd7 6.Qc2 Bd6 7.e4 dxe4 8.Nxe4 Nxe4
9.Qxe4 Nf6 10.Qc2 Bb4+ 11.Bd2 Bxd2+ 12.Qxd2 Ne4 13.Qd3 Qa5+ 14.Nd2 Nxd2 15.Qxd2 Qxd2+
16.Kxd2 Ke7 17.Be2 Rd8 18.Kc3 Rb8 19.a4 b6 20.b4 a5 21.bxa5 bxa5 22.Rab1 Ba6
23.Rhd1 Kd7 24.Bf3 Kc7 25.Be4 e5 26.Rxb8 Rxb8 27.Rb1 exd4+ 28.Kxd4 Re8 29.f3 Bc8
30.g4 h6 31.h4 f6  1/2-1/2

[Event "CSR-ch"]
[Site "Sumperk"]
[Date "1984.??.??"]
[Round "17"]
[White "Smejkal, Jan"]
[Black "Pacl, Vaclav"]
[Result "0-1"]
[WhiteElo "2545"]
[BlackElo "2320"]

1.c4 c6 2.d4 d5 3.Nc3 Nf6 4.e3 e6 5.Nf3 Nbd7 6.Bd3 dxc4 7.Bxc4 b5 8.Bd3 Bb7
9.O-O b4 10.Na4 Qa5 11.b3 c5 12.dxc5 Bxc5 13.Bb2 Be7 14.Qe2 O-O 15.e4 Rfd8
16.Rad1 Bd6 17.Nd2 Ne5 18.Bxe5 Bxe5 19.Nc4 Qc7 20.Kh1 Nd7 21.Qd2 Bf4 22.Qxb4 Bxh2
23.g3 Bxg3 24.fxg3 Qxg3 25.Rd2 Nb6 26.Naxb6 Rxd3 27.Nd6 Qh3+ 28.Kg1 Rg3+
29.Kf2 Rf3+  0-1

[Event "URS-FL"]
[Site "Sverdlovsk"]
[Date "1984.??.??"]
[Round "?"]
[White "Gorelov, Sergey G"]
[Black "Vaisser, Anatoli"]
[Result "1/2-1/2"]
[WhiteElo "2420"]
[BlackElo "2495"]

1.d4 d5 2.c4 c6 3.Nc3 Nf6 4.e3 e6 5.Nf3 Nbd7 6.Qc2 Bd6 7.e4 dxe4 8.Nxe4 Nxe4
9.Qxe4 e5 10.dxe5 O-O 11.exd6 Re8 12.Qxe8+ Qxe8+ 13.Be3 Qe6 14.O-O-O b5 15.Bd3 Nf8
16.Rhe1 Bd7 17.h3 Qe8 18.Bf4 Ne6 19.Ng5 h6 20.Nxe6 Bxe6 21.Bf5 Rd8 22.Rd4 c5
23.Rde4 bxc4 24.Bxe6 fxe6 25.Rxe6 Qa4 26.Be5 c3 27.Bxc3 Qf4+ 28.Bd2 Qc4+
29.Bc3 Qf4+ 30.Bd2 Qc4+ 31.Bc3  1/2-1/2

[Event "URS-FL"]
[Site "Sverdlovsk"]
[Date "1984.??.??"]
[Round "?"]
[White "Dolmatov, Sergey"]
[Black "Gorelov, Sergey G"]
[Result "1/2-1/2"]
[WhiteElo "2540"]
[BlackElo "2420"]

1.d4 Nf6 2.Nf3 e6 3.c4 d5 4.Nc3 c6 5.e3 Nbd7 6.Bd3 Bd6 7.e4 dxe4 8.Nxe4 Nxe4
9.Bxe4 O-O 10.O-O h6 11.c5 Bc7 12.Qc2 e5 13.Be3 exd4 14.Bh7+ Kh8 15.Bxd4 Nf6
16.Bf5 Bxf5 17.Qxf5 Qd7 18.Qc2 Nd5 19.Nh4 Qg4 20.Nf5 f6  1/2-1/2

[Event "Thessaloniki ol (Women)"]
[Site "Thessaloniki"]
[Date "1984.??.??"]
[Round "1"]
[White "An Yangfeng"]
[Black "Geofroy, M."]
[Result "1-0"]
[WhiteElo "2065"]
[BlackElo "1905"]

1.d4 Nf6 2.c4 e6 3.Nf3 d5 4.Nc3 c6 5.e3 Nbd7 6.Bd3 c5 7.O-O cxd4 8.exd4 dxc4
9.Bxc4 Nb6 10.Bb3 Nbd5 11.Re1 Bb4 12.Qd3 O-O 13.Bg5 Nxc3 14.bxc3 Be7 15.Bc2 g6
16.Bh6 Re8 17.Ne5 Bf8 18.Bg5 Bg7 19.Qf3 h6 20.Bh4 g5 21.Bg3 Re7 22.h4 g4
23.Qd3 h5 24.Bf4 Kh8 25.Bg5 Qg8 26.Qg6 Qh7 27.Qxh7+ Nxh7 28.Bxe7 Bxe5 29.Rxe5 f5
30.Rd1 Kg8 31.d5 Kf7 32.Ba3 Nf6 33.dxe6+ Bxe6 34.Bxf5 Re8 35.Rxe6 Rxe6 36.Bxe6+ Kxe6
37.f3 gxf3 38.gxf3 b6 39.Kf2 a6 40.Rd6+ Ke5 41.Rxb6  1-0

[Event "Thessaloniki ol (Women)"]
[Site "Thessaloniki"]
[Date "1984.??.??"]
[Round "7"]
[White "Bruinenberg, Carla"]
[Black "Wiese Jozwiak, Malgorzata"]
[Result "1/2-1/2"]
[WhiteElo "2050"]
[BlackElo "2125"]

1.d4 d5 2.c4 c6 3.Nf3 Nf6 4.Nc3 e6 5.e3 Nbd7 6.Bd3 dxc4 7.Bxc4 b5 8.Bd3 a6
9.O-O Bb7 10.Bc2 c5 11.dxc5 Bxc5 12.Qe2 O-O 13.e4 Qc7 14.Bg5 Bb4 15.Nd1 Rac8
16.Rc1 Qb8 17.h3 Bd6 18.Re1 Bf4 19.Bxf4 Qxf4 20.Qd2 Qxd2 21.Nxd2 Rfd8 22.Nb3 Nc5
23.Nxc5 Rxc5 24.f3 Rdc8 25.Ne3 Kf8 26.Re2 a5 27.Rd1 Ke7 28.Red2 R8c7 29.Kf2 Nd7
30.Bd3 Ne5 31.Be2 Rd7 32.Rxd7+ Nxd7 33.Rd2 Nb6 34.b3 b4 35.g4 g5 36.Ng2 h6
37.h4 Bc6 38.hxg5 hxg5 39.Ne3 Be8 40.Nc2 Rc3 41.Ne3 Rc5 42.Bd1 Bb5 43.Be2 Bd7
44.Bd1 Rc6 45.Be2 Rd6 46.Rc2 Rc6 47.Rd2 Rc5 48.Bd1  1/2-1/2

[Event "Thessaloniki ol (Women)"]
[Site "Thessaloniki"]
[Date "1984.??.??"]
[Round "10"]
[White "Chilingirova, Pavlina"]
[Black "Wiese Jozwiak, Malgorzata"]
[Result "1-0"]
[WhiteElo "2060"]
[BlackElo "2125"]

1.d4 d5 2.Nf3 Nf6 3.c4 c6 4.Nc3 e6 5.e3 Nbd7 6.Bd3 dxc4 7.Bxc4 b5 8.Bb3 a6
9.O-O Bb7 10.e4 c5 11.e5 cxd4 12.Qxd4 Bc5 13.Qf4 Nh5 14.Qg4 g6 15.Ne4 Qc7
16.Nxc5 Nxc5 17.Bh6 Nxb3 18.axb3 Bd5 19.Rac1 Qb7 20.Rc3 Rc8 21.Rxc8+ Qxc8
22.Rc1 Qb8 23.Qd4 Rg8 24.Ng5 Ng7 25.Nxh7 Nf5 26.Nf6+ Kd8 27.Qd2 Rh8 28.Qa5+  1-0

[Event "Tunja"]
[Site "Tunja"]
[Date "1984.??.??"]
[Round "1"]
[White "Vera, Reynaldo"]
[Black "Garcia Martinez, Silvino"]
[Result "1/2-1/2"]
[WhiteElo "2440"]
[BlackElo "2450"]

1.d4 d5 2.c4 c6 3.e3 Nf6 4.Nc3 e6 5.Nf3 Be7 6.Bd3 Nbd7 7.O-O O-O 8.e4 dxe4
9.Nxe4 Nxe4 10.Bxe4 Nf6 11.Bc2 b6 12.b3 Bb7 13.Bb2 c5 14.dxc5 Qxd1 15.Bxd1 Bxc5
16.Be2 Rfd8 17.Rad1 Bf8 18.Rxd8  1/2-1/2

[Event "URS Cup"]
[Site "URS"]
[Date "1984.??.??"]
[Round "?"]
[White "Chekhov, Valery A"]
[Black "Gorelov, Sergey G"]
[Result "1-0"]
[WhiteElo "2535"]
[BlackElo "2445"]

1.d4 d5 2.c4 c6 3.Nf3 Nf6 4.Nc3 e6 5.e3 Nbd7 6.Bd3 dxc4 7.Bxc4 b5 8.Bd3 a6
9.e4 c5 10.d5 c4 11.Bc2 e5 12.O-O Bd6 13.b3 cxb3 14.axb3 Rb8 15.Ne2 O-O 16.Ng3 Re8
17.Nf5 Bf8 18.Bb2 Qb6 19.Qd2 Ra8 20.Qg5 Kh8 21.Qh4 Ra7 22.Rae1 Qc7 23.Rc1 Qb8
24.Bb1 a5 25.Ng5 Nc5 26.f4 Bxf5 27.fxe5 Bg6 28.exf6 Nxb3 29.Rc6 gxf6 30.Nxh7  1-0

[Event "Hoogovens-B"]
[Site "Wijk aan Zee"]
[Date "1984.??.??"]
[Round "3"]
[White "Langeweg, Kick"]
[Black "Kuijf, Marinus"]
[Result "1/2-1/2"]
[WhiteElo "2400"]
[BlackElo "2430"]

1.d4 d5 2.c4 c6 3.Nf3 Nf6 4.Nc3 e6 5.e3 Nbd7 6.Bd3 Bb4 7.a3 Ba5 8.Qc2 dxc4
9.Bxc4 Bc7 10.e4 e5 11.Be3 O-O 12.O-O Qe7 13.Rad1 exd4 14.Bxd4  1/2-1/2

[Event "Yerevan"]
[Site "Yerevan"]
[Date "1984.??.??"]
[Round "?"]
[White "Pytel, Krzysztof"]
[Black "Mnatsakanian, Eduard A"]
[Result "1/2-1/2"]
[WhiteElo "2410"]
[BlackElo "2435"]

1.d4 d5 2.c4 c6 3.Nc3 Nf6 4.e3 e6 5.Nf3 Nbd7 6.Bd3 Bd6 7.e4 dxe4 8.Nxe4 Nxe4
9.Bxe4 O-O 10.O-O e5 11.dxe5 Nxe5 12.Nxe5 Bxe5 13.Bxh7+ Kxh7 14.Qh5+ Kg8
15.Qxe5 Re8 16.Qg3 Qd4 17.Bf4 Qxc4 18.Rac1 Qe4 19.Rc3 Qg6 20.Qxg6 fxg6 21.Re3 Rxe3
22.Bxe3 Be6 23.a3 Rd8 24.f3 a6  1/2-1/2

[Event "Aarhus-B"]
[Site "Aarhus"]
[Date "1985.??.??"]
[Round "6"]
[White "Holst, Per"]
[Black "Rasmussen, Karsten"]
[Result "0-1"]
[WhiteElo "2200"]
[BlackElo "2295"]

1.c4 Nf6 2.Nc3 c6 3.d4 d5 4.e3 e6 5.Nf3 Nbd7 6.b3 Bd6 7.Bb2 O-O 8.Be2 Re8
9.O-O dxc4 10.bxc4 e5 11.Qc2 Qe7 12.Rad1 e4 13.Nd2 Nf8 14.Rfe1 Bf5 15.f4 exf3
16.Qxf5 Qxe3+ 17.Kh1 fxe2 18.Rxe2 Qh6 19.Nf3 Rxe2 20.Nxe2 Qe3 21.Qd3 Re8
22.Nc3 Qxd3 23.Rxd3 Ng6 24.g3 h5 25.Kg2 Bb4 26.Kf1 Ng4 27.Bc1 Ne7 28.Nd1 Nf5
29.h3 Nf6 30.Ne5 Nxd4  0-1

[Event "Albena"]
[Site "Albena"]
[Date "1985.??.??"]
[Round "?"]
[White "Kurtenkov, Atanas"]
[Black "Kirov, Nino"]
[Result "1/2-1/2"]
[WhiteElo "2405"]
[BlackElo "2475"]

1.d4 d5 2.c4 c6 3.Nf3 Nf6 4.Nc3 e6 5.e3 Nbd7 6.Bd3 dxc4 7.Bxc4 b5 8.Bd3 a6
9.a4 b4 10.Nd5 c5 11.Nxf6+ Nxf6 12.e4  1/2-1/2

[Event "OHRA-B"]
[Site "Amsterdam"]
[Date "1985.??.??"]
[Round "6"]
[White "Polgar, Zsuzsa"]
[Black "Van der Sterren, Paul"]
[Result "1/2-1/2"]
[WhiteElo "2430"]
[BlackElo "2465"]

1.d4 Nf6 2.c4 e6 3.Nc3 d5 4.Nf3 c6 5.e3 Nbd7 6.Bd3 Bb4 7.a3 Ba5 8.O-O O-O
9.Qe2 Qe7 10.b4 Bc7 11.cxd5 exd5 12.b5 Ne4 13.Bb2 Ndf6 14.Ne5 Nxc3 15.Bxc3 c5
16.Bc2 Ne4 17.Bb2 f6 18.f3 cxd4 19.fxe4 Qxe5 20.g3 Bb6 21.exd4 Bxd4+ 22.Bxd4 Qxd4+
23.Qf2 Qc4 24.Rab1 Be6 25.Rb4 Qc7 26.exd5 Bxd5 27.Bxh7+ Kxh7 28.Qf5+ g6 29.Qxd5 Rad8
30.Qf3 Kg7 31.Re4 f5 32.Re3 Rf7 33.a4 Rd4 34.Rc3 Qa5 35.Rc8 Rxa4 36.Qe3 Re4
37.Qc5 Rfe7 38.Qd5 Qb6+ 39.Kh1 Qe6 40.Qd8 Re8 41.Qxe8 Qxe8 42.Rxe8 Rxe8 43.Ra1 Re5
44.Rxa7 Rxb5 45.Kg2 g5 46.h4 Rb4 47.hxg5 Kg6 48.Ra8 Kxg5 49.Rg8+ Kf6 50.Kf3 Rb5
51.g4 fxg4+ 52.Rxg4 Re5 53.Rb4 b5 54.Rf4+ Ke6 55.Re4  1/2-1/2

[Event "AUT-ch"]
[Site "?"]
[Date "1985.??.??"]
[Round "7"]
[White "Kargl, Kurt"]
[Black "Opl, Klaus"]
[Result "1/2-1/2"]
[WhiteElo "2305"]
[BlackElo "2345"]

1.d4 Nf6 2.Nf3 e6 3.c4 d5 4.Nc3 c6 5.e3 Nbd7 6.Qc2 Bd6 7.Bd2 O-O 8.O-O-O c5
9.cxd5 exd5 10.h3 a6 11.e4 dxe4 12.Nxe4 Nxe4 13.Qxe4 cxd4 14.Bd3 g6 15.Qxd4  1/2-1/2

[Event "Bayamo"]
[Site "Bayamo"]
[Date "1985.??.??"]
[Round "2"]
[White "Garcia Palermo, Carlos"]
[Black "Huerta, Ramon"]
[Result "1-0"]
[WhiteElo "2520"]
[BlackElo "2440"]

1.d4 d5 2.c4 e6 3.Nc3 c6 4.Nf3 Nf6 5.e3 Nbd7 6.Ne5 Nxe5 7.dxe5 Nd7 8.f4 Bc5
9.Bd2 a6 10.cxd5 cxd5 11.Bd3 Ba7 12.O-O Nc5 13.Bc2 d4 14.exd4 Qxd4+ 15.Kh1 Bd7
16.Qe2 Bc6 17.Be3 Qd7 18.b4 Na4 19.Bxa4 Bxa4 20.Bxa7 Rxa7 21.f5 Bc6 22.Rad1 Qe7
23.b5 Bd7 24.Qe3 Ra8 25.f6 gxf6 26.Ne4  1-0

[Event "Boeblingen op"]
[Site "Boeblingen"]
[Date "1985.??.??"]
[Round "?"]
[White "Braun, Michael"]
[Black "Rother, Christoph"]
[Result "0-1"]
[WhiteElo "2200"]
[BlackElo "2200"]

1.c4 e6 2.Nc3 d5 3.d4 Nf6 4.Nf3 c6 5.e3 Nbd7 6.a3 Bd6 7.Be2 O-O 8.O-O Ne4
9.Nxe4 dxe4 10.Nd2 f5 11.b4 a5 12.bxa5 Rxa5 13.g3 Nf6 14.Rb1 Ra7 15.Qb3 h5
16.c5 Bc7 17.Nc4 h4 18.Nb6 Kf7 19.Bc4 Rh8 20.Kg2 hxg3 21.fxg3 Nd5 22.Qc2 Qf6
23.Bxd5 exd5 24.Nxc8 Rxc8 25.Qf2 g6 26.Rb3 Rh8 27.Bd2 Qd8 28.Rfb1 Qa8 29.Bb4 Ke6
30.Qb2 Rh7 31.Be1 Qh8 32.Kg1 Bd8 33.a4 Bg5 34.a5 Qa8 35.Bd2 Bd8 36.Be1 Kf6
37.Bd2 Kg5 38.h4+ Kf6 39.Be1 Qb8 40.Kg2 Qa8 41.Kg1 g5 42.Qf2 gxh4 43.g4 Qc8
44.Qf4 Bc7 45.Bxh4+ Kf7 46.Qg5 f4 47.a6 Rxa6 48.Rxb7 Rg7 49.Qxf4+ Kg8 50.Rb8 Kh7
51.Rxc8 Bxf4 52.exf4 Rxg4+ 53.Kh2 Rxh4+ 54.Kg3 Rh6 55.Rc7+ Kg6 56.Rb6 Rxb6
57.cxb6 Rh1 58.Rxc6+ Kf5 59.Rc5 e3 60.Rxd5+ Ke4 61.b7 Rb1 62.Re5+ Kxd4 63.Kf3 Rf1+
64.Ke2 Rf2+ 65.Ke1 Rb2 66.Re7 Kd3 67.Rd7+ Ke4 68.f5 Kf3 69.Rd1 Rh2  0-1

[Event "Boeblingen op"]
[Site "Boeblingen"]
[Date "1985.??.??"]
[Round "?"]
[White "Barbero, Gerardo F"]
[Black "Franke, Heribert"]
[Result "1/2-1/2"]
[WhiteElo "2365"]
[BlackElo "2310"]

1.d4 d5 2.c4 c6 3.Nc3 Nf6 4.e3 e6 5.Nf3 Nbd7 6.Qc2 Bd6 7.b3 O-O 8.Be2 Qe7
9.O-O dxc4 10.bxc4 e5 11.Bb2 Re8 12.Rfe1 e4 13.Nd2 Nf8 14.f3 Qc7 15.Nf1 Bf5
16.fxe4 Nxe4 17.c5 Nxc3 18.Qxf5 Nxe2+ 19.Rxe2 Be7 20.Rf2 Bf6 21.e4 Qd7 22.e5 Bh4
23.g3 Qxf5 24.Rxf5 Be7 25.Nd2 f6 26.Re1 g6 27.Rf2 fxe5 28.Rxe5 Nd7 29.Re6 Bg5
30.Rd6 Nf8 31.Kg2 Bxd2 32.Rxd2 Rad8 33.d5 cxd5 34.Kf3 Rxd6 35.cxd6 Nd7 36.Rxd5 Kf7
37.Rd4 Re6 38.Rh4 h5 39.Ra4  1/2-1/2

[Event "Midwest Masters"]
[Site "Chicago"]
[Date "1985.??.??"]
[Round "4"]
[White "Small, Greg"]
[Black "Colias, Billy"]
[Result "1-0"]
[WhiteElo "2200"]
[BlackElo "2200"]

1.d4 d5 2.c4 e6 3.Nc3 c6 4.e3 Nf6 5.Nf3 Nbd7 6.Bd3 dxc4 7.Bxc4 b5 8.Bd3 a6
9.O-O c5 10.b3 Bb7 11.Bb2 Be7 12.Rc1 O-O 13.Bb1 Qb6 14.dxc5 Nxc5 15.b4 Nce4
16.a3 Rfd8 17.Qe2 Rac8 18.Nxe4 Nxe4 19.Bd4 Qd6 20.Rxc8 Rxc8 21.Rd1 Qc6 22.Ne5 Qd5
23.f3 Nf6 24.Nxf7 Kxf7 25.Bxf6 Bxf6 26.Rxd5 Bxd5 27.Ba2 Rc1+ 28.Kf2 Bc4 29.Qd2 Ra1
30.Bxc4 bxc4 31.Qd7+ Kg6 32.Qe8+ Kh6 33.g4 Ra2+ 34.Kg3 g6 35.Qf8+ Bg7 36.g5+  1-0

[Event "Midwest Masters"]
[Site "Chicago"]
[Date "1985.??.??"]
[Round "5"]
[White "Bereolos, P."]
[Black "Zelkind, Eduard"]
[Result "1/2-1/2"]
[WhiteElo "2200"]
[BlackElo "2200"]

1.Nf3 d5 2.d4 Nf6 3.c4 e6 4.Nc3 c6 5.e3 Bd6 6.Be2 Nbd7 7.O-O O-O 8.b3 Ne4
9.Nxe4 dxe4 10.Nd2 f5 11.f3 Qh4 12.f4 e5 13.dxe5 Nxe5 14.Nxe4 Bc7 15.Ng5 Ng4
16.h3 Nf6 17.Bb2 h6 18.Nf3 Qg3 19.Qe1 Ne4 20.Bd3 Qxe1 21.Rfxe1 c5 22.Rad1 Be6
23.Bxe4 fxe4 24.Nd2 Ba5 25.Rf1 Bxd2 26.Rxd2 Rad8 27.Rfd1 Rxd2 28.Rxd2 Kf7
29.f5 Bxf5 30.Rf2 Kg8  1/2-1/2